| 000 | 01610pam a2200445 i 4500 | ||
|---|---|---|---|
| 001 | 2023028889 | ||
| 003 | DLC | ||
| 005 | 20240531124356.0 | ||
| 008 | 231205s2024 nyua b 000 1 eng | ||
| 010 | _a2023028889 | ||
| 020 | _a1250845688 | ||
| 020 |
_a9781250845689 _q(hardback) |
||
| 040 |
_aDLC _beng _erda _cDLC _dTnLvILS |
||
| 042 |
_apcc _acyac |
||
| 050 | 0 | 0 |
_aPZ7.1.P454 _bSan 2024 |
| 082 | 0 | 0 |
_a[E] _223 |
| 092 |
_achildren nonfiction _bPeterson |
||
| 100 | 1 |
_aPeterson, Ellie, _eauthor, _eillustrator. _96448606 |
|
| 245 | 1 | 0 |
_aSandcastles are forever / _cEllie Peterson. |
| 250 | _aFirst edition. | ||
| 264 | 1 |
_aNew York : _bRoaring Brook Press, _c2024. |
|
| 300 |
_a40 pages : _bcolor illustrations ; _c23 cm. |
||
| 336 | _atext | ||
| 336 | _astill image | ||
| 337 | _aunmediated | ||
| 338 | _avolume | ||
| 520 | _aBest friends Cora and Shelly, who build sandcastles every day on the shore, confront the challenge of Shelly moving to the city. | ||
| 521 |
_aAges 4-8. _bRoaring Brook Press. |
||
| 521 |
_aGrades 2-3. _bRoaring Brook Press. |
||
| 650 | 0 |
_aFriendship _vJuvenile fiction. _95673647 |
|
| 650 | 0 |
_aMoving, Household _vJuvenile fiction. _95691302 |
|
| 650 | 0 |
_aSandcastles _vJuvenile fiction. _95728457 |
|
| 650 | 0 |
_aBeaches _vJuvenile fiction. _95675313 |
|
| 650 | 1 |
_aFriendship _vFiction. _95673769 |
|
| 650 | 1 |
_aMoving, Household _vFiction. _95688179 |
|
| 650 | 1 |
_aSandcastles _vFiction. _95728459 |
|
| 650 | 1 |
_aBeaches _vFiction. _95675314 |
|
| 655 | 7 |
_aPicture books. _2lcgft. |
|
| 942 |
_2ddc _cBOOK |
||
| 999 |
_c397133 _d397133 |
||